¿Cómo exportar a Brasil por la interoceánica? : (Registro nro. 21611)

Detalles MARC
000 -Cabecera
Campo de control interno 00932nam a2200217Ia 4500
005 - Fecha y hora del registro
control field 20260422154141.0
008 - Elementos de Longitud Fija
fixed length control field 260320s9999||||xx |||||||||||||| ||und||
041 ## - Idioma
Codigo Idioma ESP
082 ## - DEWEY y NOTACIÓN INTERNA
Dewey 382.6
Notación Interna C14
100 ## - AUTOR
Autor denominación Cáceres Angulo, Luis Ernesto,
Término de relación autor
245 #0 - TÍTULO DE MATERIAL BIBLIOGRÁFICO
Título ¿Cómo exportar a Brasil por la interoceánica? :
Título paralelo guía práctica para exportar a uno de los mercados más grandes e importantes del mundo
260 ## - CIUDAD, EDITORIAL, AÑO
Ciudad Arequipa :
Nombre de la Editorial [Editor no identificado]
Año 2009
300 ## - DESCRIPCIÓN
N° Páginas 190 páginas :
Otros detalles diagramas ;
Dimensiones 28 cm.
650 ## - TEMAS
Temas Ciencias Sociales
653 ## - DESCRIPTORES
Lenguajes no controlado Comercio internacional; Comercio de exportación
654 ## - PROGRAMAS
Programa Dpto. de Contabilidad
856 ## - URL - UBICACIÓN
URI/URL: Enlace exacto del recurso <a href="https://itmsp.museknowledge.com/UCSP?groupID=2&action=source&sourceID=EBSCO_IP">https://itmsp.museknowledge.com/UCSP?groupID=2&action=source&sourceID=EBSCO_IP</a>
Nota pública: Versión digital <a href="Véase además: Base de datos EBSCOhost">Véase además: Base de datos EBSCOhost</a>
856 ## - URL - UBICACIÓN
URI/URL: Enlace exacto del recurso <a href="https://itmsp.museknowledge.com/UCSP?groupID=2&action=source&sourceID=GaleIFME_IP">https://itmsp.museknowledge.com/UCSP?groupID=2&action=source&sourceID=GaleIFME_IP</a>
Nota pública: Versión digital <a href="Véase además: Base de datos Gale">Véase además: Base de datos Gale</a>
942 ## - ELEMENTOS DE KOHA
Tipo de documento Libro
Nombre del creador Justo Noguera
Código de catalogador Tania Ramirez
Esquema de clasificación Dewey Decimal Classification
Existencias
Codigo completo Registro Colección Copia número Disponibilidad Tipo de préstamo Biblioteca Actual Procedencia (Biblioteca) Ubicacón Fecha Ingreso Tipo de Adquisición Observación Date last seen Total checkouts Price effective from Tipo de Item Estado del Material Fuente de Clasificación Damaged status Withdrawn status
382.6 C14 1084992 Universidad Católica San Pablo 1 Disponible Disponible Víctor Andrés Belaunde Víctor Andrés Belaunde Planta baja cerrada 10/03/2026 Compra Contabilidad 20/03/2026   20/03/2026 Libro Bueno Dewey Decimal Classification